BIBLIOTHÈQUE DE LA MAISON DU MEXIQUE

Logo 1 Logo 2

El universo del amate (notice nᵒ 12200)

détails MARC
000 -Sello discográfico
campo de control de longitud fija 00957nam a2200265 4500
005 - Identificación de versión
campo de control 20251127112044.0
010 ## - Número Estándar Internacional de Libros (ISBN)
Número (ISBN) 968-80-0637-8
035 ## - Otros números de control del sistema
Número de control del sistema 27834
099 ## - fechas locales
Tipo de ítem Koha LIBRO
100 ## - Datos de procesamiento general
Datos de procesamiento general 19930801d1979 m y1spay5003 ba
101 ## - Idioma del recurso
Idioma del texto, banda sonora, etc. Español; Castellano
105 ## - Campo de datos codificados: Material textual, monográfico
Datos codificados de monografía a 001zy
200 1# - Título y mención de responsabilidad
Título propio El universo del amate
Designación general del material texto impreso
Primer mención de responsabilidad Museo Nacional de Culturas Populares
210 ## - Publicación, distribución, etc.
Lugar de publicación, distribución, etc. México
Nombre del editor, distribuidor, etc. Ediciones del Museo Nacional de Culturas Populares
-- Secretaría de Educación Pública
Fecha de publicación, distribución, etc. 1979
215 ## - Descripción física
Designación de material específico y extensión del ítem 84 p
Otras características físicas il.
Dimensiones 22 cm
345 ## - Nota de información de adquisición
Fuente de adquisición/dirección de la suscripción [OBSOLETO] Donación
606 ## - Término temático usado como materia
Elemento de entrada Papel amate
Subdivisión temática Historia
Subdivisión geográfica Puebla (México)
Número Koha 18823
606 ## - Término temático usado como materia
Elemento de entrada Papel
Subdivisión temática Manufactura e industria
-- Historia
Subdivisión geográfica Puebla (México)
Número Koha 18824
710 ## - Nombre de entidad corporativa - Responsabilidad primaria
Elemento de entrada Museo Nacional de Culturas Populares
Adición al nombre o calificador México
Número Koha 12301
801 #0 - Fuente de origen
País FR
Agencia cm
Reglas de catalogación (convenciones descriptivas) AFNOR
856 ## - Localización electrónica y acceso
Identificador Uniforme de Recurso https://cid-albertobeltran.cultura.gob.mx/biblioteca-3/el-universo-del-amate/
942 ## - ELEMENTOS DE ENTRADA SECUNDARIOS (KOHA)
Tipo de ítem Koha Livre
Exemplaires
Estatus retirado Estado de daño Estado de pérdida Fecha de adquisición Biblioteca de origen Biblioteca actual Ubicación en estantería Código de barras Precio de reemplazo Signatura topográfica completa No para préstamo Tipo de ítem Koha Nota pública Nota no pública
      05/08/2025 Casa México Paris Casa México Paris   001972 05/08/2025 972.47 M986U   Livre 20191113LIV 751145101